Elementos da Tabela Periódica #2 - Statistics

Estatísticas Gerais
  • Esse quiz foi jogado 23 vezes
  • A pontuação média é 85 de 118
Estatísticas das Respostas
Símbolo Elemento Químico % Correto
Boro B
100%
Berílio Be
100%
Carbono C
100%
Flúor F
100%
Hidrogênio H
100%
Hélio He
100%
Lítio Li
100%
Magnésio Mg
100%
Nitrogênio N
100%
Oxigênio O
100%
Argônio Ar
95%
Cálcio Ca
95%
Cobalto Co
95%
Iodo I
95%
Potássio K
95%
Fósforo P
95%
Enxofre S
95%
Alumínio Al
90%
Arsênio As
90%
Bromo Br
90%
Cloro Cl
90%
Cromo Cr
90%
Cobre Cu
90%
Ferro Fe
90%
Gálio Ga
90%
Germânio Ge
90%
Criptônio Kr
90%
Sódio Na
90%
Neônio Ne
90%
Níquel Ni
90%
Rutênio Ru
90%
Selênio Se
90%
Silício Si
90%
Titânio Ti
90%
Zinco Zn
90%
Prata Ag
85%
Ouro Au
85%
Bismuto Bi
85%
Manganês Mn
85%
Praseodímio Pr
85%
Telúrio Te
85%
Vanádio V
85%
Bário Ba
80%
Césio Cs
80%
Európio Eu
80%
Molibdênio Mo
80%
Protactínio Pa
80%
Rubídio Rb
80%
Índio In
75%
Irídio Ir
75%
Nobélio No
75%
Polônio Po
75%
Escândio Sc
75%
Tecnécio Tc
75%
Xenônio Xe
75%
Actínio Ac
70%
Ástato At
70%
Cádmio Cd
70%
Cério Ce
70%
Frâncio Fr
70%
Lantânio La
70%
Nióbio Nb
70%
Ósmio Os
70%
Platina Pt
70%
Rádio Ra
70%
Rênio Re
70%
Antimônio Sb
70%
Tântalo Ta
70%
Ítrio Y
70%
Amerício Am
65%
Gadolínio Gd
65%
Lutécio Lu
65%
Moscóvio Mc
65%
Neodímio Nd
65%
Ródio Rh
65%
Samário Sm
65%
Tálio Tl
65%
Urânio U
65%
Zircônio Zr
65%
Dúbnio Db
60%
Érbio Er
60%
Einstênio Es
60%
Fleróvio Fl
60%
Mercúrio Hg
60%
Hólmio Ho
60%
Nihônio Nh
60%
Neptúnio Np
60%
Paládio Pd
60%
Promécio Pm
60%
Tungstênio W
60%
Bóhrio Bh
55%
Darmstádtio Ds
55%
Háfnio Hf
55%
Hássio Hs
55%
Livermório Lv
55%
Meitnério Mt
55%
Oganessônio Og
55%
Chumbo Pb
55%
Radônio Rn
55%
Estanho Sn
55%
Estrôncio Sr
55%
Térbio Tb
55%
Califórnio Cf
50%
Copernício Cn
50%
Mendelévio Md
50%
Plutônio Pu
50%
Rutherfórdio Rf
50%
Tenesso Ts
50%
Roentgênio Rg
45%
Laurêncio Lr
40%
Seabórgio Sg
40%
Tório Th
40%
Berquélio Bk
35%
Cúrio Cm
35%
Disprósio Dy
35%
Férmio Fm
35%
Itérbio Yb
35%
Túlio Tm
25%
Nenhum quiz correspondente encontrado
Distribuição das Pontuações
Porcentagem de Pessoas com Cada Pontuação
Percentil de Números Respondidos
Sua Pontuação Histórica
Você não jogou esse quiz